Limiting equations for problems involving long range memory
Saved in:
| Main Author: | |
|---|---|
| Other Authors: | |
| Format: | Book |
| Language: | English |
| Published: |
Providence, R.I., USA :
American Mathematical Society,
1983
|
| Series: | Memoirs of the American Mathematical Society ;
; no. 278 |
| Subjects: | |
| Tags: |
Add Tag
No Tags, Be the first to tag this record!
|
MARC
| LEADER | 00000cam a2200000 i 4500 | ||
|---|---|---|---|
| 001 | 1/49621 | ||
| 008 | 941103s1983 eng d | ||
| 020 | |a 0821822780 | ||
| 035 | |l 10043657 | ||
| 035 | |a 1994 | ||
| 040 | |a GR-MY-UA |b gre |e aacr | ||
| 041 | 0 | |a eng | |
| 082 | 0 | |a 514.322 | |
| 100 | 1 | |a Marcus, M. (Moshe) |d 1937- | |
| 245 | 1 | 0 | |a Limiting equations for problems involving long range memory / |c M. Marcus and Victor Mizel |
| 260 | |a Providence, R.I., USA : |b American Mathematical Society, |c 1983 | ||
| 300 | |a v, 60 p.; |c 26 cm | ||
| 490 | 1 | |a Memoirs of the American Mathematical Society |v ; no. 278 | |
| 504 | |a Bibliography: p. 59-60 | ||
| 650 | 0 | 0 | |a Topological dynamics. |
| 650 | 0 | 0 | |a Volterra equations. |
| 700 | 1 | |a Mizel, Victor J. | |
| 830 | 0 | |a Memoirs of the American Mathematical Society ; |v ; no. 278 | |
| 852 | |a INST |b SAMOS |e 19941103 |h 514.322 MAR |p 005300007525 |q 005300007525 |t BK |y 0 | ||
| 909 | |a Σ |b 033701 | ||